| 000 | 00565nam a2200169Ia 4500 | ||
|---|---|---|---|
| 008 | 090201s9999 xx 000 0 und d | ||
| 010 | _aKPL-46059 | ||
| 040 | _bमराठी | ||
| 041 | _aमराठी | ||
| 082 |
_a7796 _b46059 |
||
| 100 | _aम. सु. पाटील | ||
| 245 |
_aआदिबंधात्मक समीक्षा _cम. सु. पाटील |
||
| 260 |
_c2004 _bनीहारा प्रकाशन |
||
| 300 |
_a166 _bमोठा |
||
| 600 | _aआदिबंधात्मक समीक्षा | ||
| 942 | _cBOOK | ||
| 999 |
_c208502 _d208502 |
||